000 00500nam a22001457a 4500
005 20251126092749.0
008 251126b |||||||| |||| 00| 0 eng d
020 _a978-1-4057-8937-0
100 _aREAD, JAMES S.
245 _aLAW REPORTTS OF THE COMMONWEALTH 2014
260 _aLONDON
_bLEXISNEXIS
_c2014
300 _aXXVIII, 760P.
650 _a1.LAW REPORTS, DIGESTS, ETC - COMMONWEALTH COUNTRIES 2. LAW- COMMONWEALTH COUNTRIES 3. COMPARATIVE LAW - COMMONWEALTH COUNTRIES
942 _2lcc
_cREF
999 _c216284
_d216284